00225nam a2200097Ia 4500008004100000041000800041082001200049100001500061245002500076260002600101231212s1974 xx 000 0 und d aeng a621.372 aKolchin A. aDesign of Automative aMascowbMir Pubc1974